Most Guessed - Johto Pokémon - Statistics

General Stats
  • This quiz has been taken 50 times
  • The average score is 17 of 20
Answer Stats
Percent Pokémon % Correct
75% Ho-oh
96%
76% Lugia
96%
89% Cyndaquil
93%
86% Totodile
93%
80% Quilava
91%
91% Chikorita
89%
71% Entei
89%
82% Feraligatr
89%
65% Raikou
89%
86% Bayleef
87%
77% Croconaw
87%
81% Meganium
87%
69% Suicune
87%
83% Typhlosion
87%
67% Celebi
80%
72% Hoothoot
78%
69% Noctowl
76%
64% Furret
69%
66% Sentret
69%
69% Steelix
53%
No matching quizzes found
Score Distribution
Percent of People with Each Score
Percentile by Number Answered
Your Score History
You have not taken this quiz